Stolice państw, których nazwa ma 5 liter - Statystyki

Ogólne statystyki
  • Ten quiz został rozwiązany 36 razy
  • Średni wynik to 16 z 29
Statystyki odpowiedzi
Hint % Poprawnych
Azja Pekin
84%
Europa Wilno
79%
Europa Kopenhaga
74%
Ameryka Płd. Santiago
74%
Europa Budapeszt
68%
Europa Ryga
68%
Azja Sana
63%
Afryka Akra
58%
Afryka Kair
58%
Azja Katmandu
58%
Europa Moskwa
58%
Ameryka Płn. Port-au-Prince
58%
Europa Valetta
58%
Azja Ad-Dauha
53%
Oceania Apia
53%
Azja Bejrut
53%
Oceania Ngerulmud
53%
Afryka Niamey
53%
Azja Nowe Delhi
53%
Oceania Yaren
53%
Afryka Libreville
47%
Oceania Suva
47%
Afryka Trypolis
47%
Azja Damaszek
42%
Oceania Nuku'alofa
42%
Afryka Porto-Novo
42%
Afryka Chartum
37%
Afryka Nairobi
37%
Afryka Brazzaville
21%
Nie znaleziono quizów pasujących do podanych kryteriów
Rozkład punktacji
Procent ludzi z każdym wynikiem
Percentyl według liczby udzielonych odpowiedzi
Twoja historia wyników
Nie rozwiązałeś tego quizu